000 00434nam a22001697a 4500
999 _c160300
_d160300
005 20190124153432.0
010 _aB-213456
020 _a8177080199
_c275.00
035 _aB-213456
037 _bNew Century Publication
082 _aS
100 _aSood, Nina
245 _aTurbulence and tranquillity /
_cNina Sood
260 _aDelhi
_bNew Century Publication
_c2002
300 _a214p.
_c22cm(pbk)
942 _2ddc
_cEN
_hS
_mSOO